The age of Enlightenment : (Record no. 19171)
[ view plain ]
| 000 -LEADER | |
|---|---|
| fixed length control field | 01159nam a2200337 a 4500 |
| 001 - CONTROL NUMBER | |
| control field | 19171 |
| 003 - CONTROL NUMBER IDENTIFIER | |
| rucl marc code | BD-RjUL |
| 005 - DATE AND TIME OF LATEST TRANSACTION | |
| control field | 20211209000408.0 |
| 008 - FIXED-LENGTH DATA ELEMENTS--GENERAL INFORMATION | |
| fixed length control field | 140223s1956 nyu 001 0 eng |
| 035 ## - SYSTEM CONTROL NUMBER | |
| System control number | (BD-RjUL)19229 |
| System control number | (OCoLC)384900 |
| 040 ## - CATALOGING SOURCE | |
| Original cataloging agency | DLC |
| Transcribing agency | DLC |
| Modifying agency | m/c |
| -- | EQO |
| -- | BD-RjUL |
| Language of cataloging | eng |
| 041 ## - LANGUAGE CODE | |
| Language code of text/sound track or separate title | eng |
| 082 ## - DEWEY DECIMAL CLASSIFICATION NUMBER | |
| Classification number | 190.82 |
| Author mark and year | BEA 1956 |
| 099 ## - LOCAL FREE-TEXT CALL NUMBER (OCLC) | |
| Bangla Class number | *ML A.3ZF - 1-F - F6 |
| 100 1# - MAIN ENTRY--PERSONAL NAME | |
| Personal name | Berlin, Isaiah, |
| Dates associated with a name | 1909-1997. |
| 9 (RLIN) | 58980 |
| 245 14 - TITLE STATEMENT | |
| Title | The age of Enlightenment : |
| Remainder of title | the 18th century philosophers / |
| Statement of responsibility, etc. | selected with introduction and interpretive commentary by Isaiah Berlin. |
| 246 30 - VARYING FORM OF TITLE | |
| Title proper/short title | Age of Enlightenment : |
| Remainder of title | the eighteenth-century philosophers |
| Title proper/short title | 18th century philosophers the age of Enlightenment |
| Title proper/short title | eighteenth-century philosophers the age of Enlightenment |
| 260 ## - PUBLICATION, DISTRIBUTION, ETC. (IMPRINT) | |
| Place of publication, distribution, etc. | New York : |
| Name of publisher, distributor, etc. | New American Library, |
| Date of publication, distribution, etc. | 1956. |
| 300 ## - PHYSICAL DESCRIPTION | |
| Pagination | 282 p. ; |
| Size | 18 cm. |
| 490 1# - SERIES STATEMENT | |
| Series statement | Mentor philosophers |
| 504 ## - BIBLIOGRAPHY, ETC. NOTE | |
| Bibliography, etc | Includes index. |
| 650 #0 - SUBJECT ADDED ENTRY--TOPICAL TERM | |
| Topical term or geographic name as entry element | Enlightenment. |
| 9 (RLIN) | 58981 |
| Topical term or geographic name as entry element | Philosophy, Modern |
| Chronological subdivision | 18th century. |
| 9 (RLIN) | 2765 |
| 830 #0 - SERIES ADDED ENTRY--UNIFORM TITLE | |
| Uniform title | Mentor philosophers. |
| 942 ## - ADDED ENTRY ELEMENTS (KOHA) | |
| Source of classification or shelving scheme | Dewey Decimal Classification |
| Koha item type | Books |
| Lost status | Source of classification or shelving scheme | Damaged status | Not for loan | Collection code | Permanent Location | Current Location | Shelving location | Date acquired | Source of acquisition | Cost, normal purchase price | Total Checkouts | Full call number | Date last seen | Copy number | Koha item type |
|---|---|---|---|---|---|---|---|---|---|---|---|---|---|---|---|
| Dewey Decimal Classification | Non-fiction | Central Library, University of Rajshahi | Central Library, University of Rajshahi | 16/06/1964 | Zitlinger | 81.00 | 190.82 BEA 1956 | 23/02/2014 | C-2 | Books | |||||
| Dewey Decimal Classification | Central Library, University of Rajshahi | Central Library, University of Rajshahi | 16/06/1964 | Zeitlinger | 9.00 | 190.82 BEA 1956 | 12/04/2014 | C-3 | Books | ||||||
| Dewey Decimal Classification | Central Library, University of Rajshahi | Central Library, University of Rajshahi | 16/06/1964 | Zeitlinger | 9.00 | 190.82 BEA 1962 | 12/04/2014 | C-6 | Books |